000 00325nam a22001457a 4500
008 210312b ||||| |||| 00| 0 eng d
020 _a0256104727
041 _aeng
080 _27th
_a338
082 _27th
_a338
100 _a53
101 _aMEN
245 _aManagement Control Systems
_cAnthony,N.R
942 _2udc
_cBK
999 _c56489
_d56489